Tilastot visalle Yleistieto #69

Klikkaa tästä pelataksesi tätä visaa!

Yleistilastot

  • Tätä visaa on pelattu 109 kertaa
  • Keskiarvotulos 9 / 14

Vastaustilastot

VinkkiVastaus% Oikein
Mikä on Venäjän toiseksi suurin kaupunki?Pietari
95%
Kuka on kirjoittanut Harry Potter -sarjan?J.K.Rowling
94%
Mikä elin tuottaa insuliinia?Haima
91%
Kuka oli Suomen presidentti vuosina 1982-1994?Mauno Koivisto
91%
Kenen hitti on "Kuka Keksi Rakkauden"?Kaija Koon
75%
Missä pidetään kesäolympialaiset vuonna 2020?Tokiossa
73%
Kuka on toiseksi tehokkain suomalainen NHL pelaaja?Jari Kurri
71%
Missä kaupungissa on 'Föri'?Turussa
70%
Mikä on Indonesian suurin kaupunki?Jakarta
65%
Minkä maalainen säveltäjä on Edvard Grieg?Norjalainen
55%
Kenen hitti on "Freestyler"?Bomfunk MC's
52%
Missä kaupungissa on 'Naisvuori'?Mikkelissä
44%
Kuka suomalainen on voittanut kultaa Montrealin, Moskovan ja Los Angelesin olympialaisissa?Pertti Karppinen
36%
Missä maassa sijaitsee Charleroi?Belgiassa
35%

Tulosjakauma

Persentiili vastausten määrän mukaan

Jokaisen tuloksen saaneiden osuus

Tuloshistoriasi

Et ole pelannut tätä visaa